|
|
|
|
| LEADER |
02647nam a2200565 a 4500 |
| 001 |
nkc20132518954 |
| 003 |
CZ PrNK |
| 005 |
20140324101616.0 |
| 007 |
td |
| 008 |
131107s2013 xr k e f 000 0 cze |
| 015 |
|
|
|a cnb002518954
|
| 020 |
|
|
|a 978-80-260-5338-5
|q (volné l. v pořadači)
|
| 035 |
|
|
|a (OCoLC)870287674
|
| 040 |
|
|
|a BOA001
|b cze
|
| 043 |
|
|
|a e-xr---
|
| 072 |
|
7 |
|a 617
|x Ortopedie. Chirurgie. Oftalmologie
|2 Konspekt
|9 14
|
| 080 |
|
|
|a 347.472:611.1/.8
|2 MRF
|
| 080 |
|
|
|a 617-089.843
|2 MRF
|
| 080 |
|
|
|a 34
|2 MRF
|
| 080 |
|
|
|a (437.3)
|2 MRF
|
| 080 |
|
|
|a (072)
|2 MRF
|
| 100 |
1 |
|
|a Pokorná, Eva,
|d 1965-
|7 xx0063976
|4 aut
|
| 245 |
1 |
0 |
|a Život² - dejte životu nové rozměry :
|b [manuál pro nemocnice spolupracující na dárcovském programu /
|c autor Eva Pokorná]
|
| 246 |
3 |
|
|a Život na druhou
|
| 246 |
1 |
8 |
|a Život²
|
| 250 |
|
|
|a 3. vyd.
|
| 260 |
|
|
|a Plzeň :
|b Dragon Print,
|c 2013
|
| 300 |
|
|
|a [67] l., [46] s. :
|b formuláře ;
|c 32 cm
|
| 500 |
|
|
|a Pod názvem: Transplantcentrum IKEM
|
| 500 |
|
|
|a 200 výt.
|
| 504 |
|
|
|a Obsahuje bibliografické odkazy
|
| 505 |
2 |
0 |
|t Zákon č. 285/2002 Sb. o darování, odběrech a transplantacích tkání a orgánů a o změně některých zákonů (transplantační zákon) --
|t Zákon č. 286/2002 Sb., kterým se mění zákon č. 218/1999 Sb., o rozsahu branné povinnosti a o vojenských správních úřadech (branný zákon), ve znění zákona č. 238/2000 Sb. a zákona č. 128/2002 Sb.
|
| 650 |
0 |
7 |
|a dárcovství orgánů a tkání
|7 ph520070
|z Česko
|2 czenas
|
| 650 |
0 |
7 |
|a dárcovství orgánů a tkání
|7 ph520070
|x právní aspekty
|2 czenas
|
| 650 |
0 |
7 |
|a transplantologie
|7 ph167621
|z Česko
|2 czenas
|
| 650 |
0 |
7 |
|a transplantologie
|7 ph167621
|x právní aspekty
|2 czenas
|
| 650 |
0 |
9 |
|a organ and tissue donation
|z Czechia
|2 eczenas
|
| 650 |
0 |
9 |
|a organ and tissue donation
|x legal aspects
|2 eczenas
|
| 650 |
0 |
9 |
|a transplantology
|z Czechia
|2 eczenas
|
| 650 |
0 |
9 |
|a transplantology
|x legal aspects
|2 eczenas
|
| 655 |
|
7 |
|a metodické příručky
|7 fd132826
|2 czenas
|
| 655 |
|
9 |
|a methodological manuals
|2 eczenas
|
| 710 |
2 |
|
|a Institut klinické a experimentální medicíny.
|b Transplantcentrum
|7 nlk20020122967
|
| 710 |
1 |
2 |
|a Česko.
|t Transplantační zákon (2002, novela 2013)
|7 kon2013800747
|
| 710 |
1 |
2 |
|a Česko.
|t Zákon, kterým se mění zákon o rozsahu branné povinnosti a o vojenských správních úřadech (branný zákon) (2002)
|7 kon2013799562
|
| 910 |
2 |
|
|a BOA001
|b 4-1312.760
|
| 990 |
|
|
|a BK
|
| 995 |
|
|
|a 01
|
| 991 |
|
|
|b 201401
|c NOV
|e n
|
| 996 |
6 |
|
|b 2610572545
|c 4-1312.760
|l MZK
|r Sklad / do 1 hodiny
|n 4
|p p.v.
|w 001386493
|u 000010
|a 1
|e BOA001
|j MZK50
|s P
|